Statistics for European Cities by Tallest Building

Click here to take the quiz!

General Stats

  • This quiz has been taken 2,202 times
    (583 since last reset)
  • The average score is 6 of 10

Answer Stats

Height Building City % Correct
310mThe ShardLondon
95%
374mFederation TowerMoscow
87%
259mCommerzbank TowerFrankfurt
77%
250mTorre de CristalMadrid
76%
231mGaribaldi TowerMilan
59%
231mTour FirstParis
56%
237mPalace of Culture and ScienceWarsaw
41%
293mSkylandIstanbul
32%
220mDC TowersVienna
20%
212mSky TowerWrocław
9%

Score Distribution

Percentile by Number Answered

Percent of People with Each Score

Your Score History

You have not taken this quiz since the last reset